Impact of Biofertilizer, Nitrogen and Phosphorus on Nodulation, Growth and yield of Chickpea / (Record no. 14429)

MARC details
000 -LEADER
fixed length control field 01042nam a22002897a 4500
003 - CONTROL NUMBER IDENTIFIER
control field BD-DhSAU
005 - DATE AND TIME OF LATEST TRANSACTION
control field 20181205161100.0
008 - FIXED-LENGTH DATA ELEMENTS--GENERAL INFORMATION
fixed length control field 161006b2017 bg ad||| |||| 00| 0 eng d
040 ## - CATALOGING SOURCE
Original cataloging agency BD-DhSAU
082 ## - DEWEY DECIMAL CLASSIFICATION NUMBER
Edition number 22
Classification number 630
Item number R8121
100 ## - MAIN ENTRY--PERSONAL NAME
Personal name Roy , Dipti Rani
Relator code Registration No:11-04509
245 ## - TITLE STATEMENT
Title Impact of Biofertilizer, Nitrogen and Phosphorus on Nodulation, Growth and yield of Chickpea /<br/> <br/> <br/><br/> <br/><br/><br/>
Statement of responsibility, etc. Roy , Dipti Rani
Remainder of title Ms Thesis
260 ## - PUBLICATION, DISTRIBUTION, ETC. (IMPRINT)
Place of publication, distribution, etc. Dhaka : Sher- e- Bangla Agricultural University :
Name of publisher, distributor, etc. Department of Agronomy ,
Date of publication, distribution, etc. 2017
300 ## - PHYSICAL DESCRIPTION
Extent xi, 87 p. :
Other physical details ill. ;
Dimensions 30 cm.
504 ## - BIBLIOGRAPHY, ETC. NOTE
Bibliography, etc Includes bibliographical references.
590 ## - Name of Cataloguer
Name of Cataloger Shofi
650 ## - SUBJECT ADDED ENTRY--TOPICAL TERM
Topical term or geographic name as entry element Agronomy
650 ## - SUBJECT ADDED ENTRY--TOPICAL TERM
Topical term or geographic name as entry element Biofertilizer
650 ## - SUBJECT ADDED ENTRY--TOPICAL TERM
Topical term or geographic name as entry element Nitrogen
650 ## - SUBJECT ADDED ENTRY--TOPICAL TERM
Topical term or geographic name as entry element Phosphorus
650 ## - SUBJECT ADDED ENTRY--TOPICAL TERM
Topical term or geographic name as entry element Nodulation
650 ## - SUBJECT ADDED ENTRY--TOPICAL TERM
Topical term or geographic name as entry element Chickpea
700 ## - ADDED ENTRY--PERSONAL NAME
Personal name Amin , A. K. M. Ruhul
Relator code Supervisor
700 ## - ADDED ENTRY--PERSONAL NAME
Personal name Baque , Md. Abdullahil
Relator code Co-Supervisor
856 ## - ELECTRONIC LOCATION AND ACCESS
Uniform Resource Identifier <a href="http://archive.saulibrary.edu.bd:8080/xmlui/handle/123456789/480">http://archive.saulibrary.edu.bd:8080/xmlui/handle/123456789/480</a>
Link text Online Access
942 ## - ADDED ENTRY ELEMENTS (KOHA)
Source of classification or shelving scheme Dewey Decimal Classification
Koha item type MS Level Thesis
Holdings
Withdrawn status Lost status Source of classification or shelving scheme Damaged status Not for loan Collection code Home library Branch Name Date acquired Total Checkouts Full call number Barcode Date last seen Price effective from Koha item type
    Dewey Decimal Classification   Not For Loan Reference SAU Library SAU Library 28/10/2018   630 R8121 40929 04/11/2018 04/11/2018 MS Level Thesis